01873 2200541 4500001002100000005001500021035002000036008003900056245005000095100003000145250000600175260003200181084001400213082000800227650001000235520071400245990001200959990001200971990001200983990001200995990001201007990001201019990001201031990001201043990001201055990001201067990001201079990001201091990001201103990001201115990001201127990001201139990001201151990001201163990001201175990001201187990001201199990001201211990001201223990001201235990001201247990001201259990001201271990001201283990001201295990001201307990001201319INLIS00000000000136020240523012723 a0010-0524000595240523 | | | 1 aAyat-Ayat Cinta 1 /cHabiburrahman El Shirazy aEl Shirazy, Habiburrahman a1 aJakarta :bRepublika,c2008 a813 HAB a a813 4aFiksi aNovel ini menceritakan tentang kehidupan mahasiswa Indonesia yang berkuliah di negara Mesir bernama Fahri. Dia ,mengambil perkuliahan di Universitas Al Azhar, kota Kairo. Fahri dikenal sebagai pribadi yang sederhana, berperilaku baik, dan taat beribadah kepada Allah SWT. Ketaatan nya itu menyimpulkan sosok Fahri pada perilaku yang ia tunjukan. Bahkan, saat Fahri harus berinteraksi dengan perempuan yang bukan mahram, dia nampak sangat menghormati dan menjaga dirinya. Bahkan, ketika Fahri memiliki tetangga yang beragama Kristen Koptik bernama Maria, yang mana memiliki paras dan penampilan yang cantik. Hingga suatu hari, Fahri menikahi perempuan muslimah yang berasal Turki bernama Aisha melalui Ta'aruf. a0713768 a0713769 a0713770 a0713771 a0713772 a0713773 a0713774 a0713775 a0713776 a0713777 a0713778 a0713779 a0713780 a0713781 a0713782 a0713783 a0713784 a0713785 a0713786 a0713787 a0713788 a0713789 a0713790 a0713791 a0713792 a0713793 a0713794 a0713795 a0713796 a0713797 a0744008